Physics MCQ / (Record no. 71995)

MARC details
000 -LEADER
fixed length control field 00979nam a2200337 a 4500
001 - CONTROL NUMBER
control field vtls000068269
003 - CONTROL NUMBER IDENTIFIER
control field NLI
005 - DATE AND TIME OF LATEST TRANSACTION
control field 20210601192628.0
008 - FIXED-LENGTH DATA ELEMENTS--GENERAL INFORMATION
fixed length control field 101125s1999 ii a 000 0 eng
020 ## - INTERNATIONAL STANDARD BOOK NUMBER
International Standard Book Number 442804990 :
Terms of availability Rs. 75.00
039 #9 - LEVEL OF BIBLIOGRAPHIC CONTROL AND CODING DETAIL [OBSOLETE]
-- 201011250706
-- VLOAD
040 ## - CATALOGING SOURCE
Original cataloging agency NLI
Language of cataloging eng
Transcribing agency VTLS
Description conventions AACR2
041 0# - LANGUAGE CODE
Language code of text/sound track or separate title eng
044 ## - COUNTRY OF PUBLISHING/PRODUCING ENTITY CODE
MARC country code ii
082 04 - DEWEY DECIMAL CLASSIFICATION NUMBER
Classification number 530.76
100 1# - MAIN ENTRY--PERSONAL NAME
Personal name Mukherji, Deb
9 (RLIN) 165251
245 10 - TITLE STATEMENT
Title Physics MCQ /
Statement of responsibility, etc. Deb Mukherji
246 03 - VARYING FORM OF TITLE
Title proper/short title Physics MCQ multiple-choice-question bank
Remainder of title for IIT and Roorkee Screening Tests
260 ## - PUBLICATION, DISTRIBUTION, ETC.
Place of publication, distribution, etc. Patna :
Name of publisher, distributor, etc. Bharati Bhawan,
Date of publication, distribution, etc. 1999
300 ## - PHYSICAL DESCRIPTION
Extent viii, various paging :
Other physical details ill. ;
Dimensions 21 cm.
650 #0 - SUBJECT ADDED ENTRY--TOPICAL TERM
Topical term or geographic name entry element Physics
General subdivision Problems, exercise, etc
9 (RLIN) 138229
650 #0 - SUBJECT ADDED ENTRY--TOPICAL TERM
Topical term or geographic name entry element Mechanics
9 (RLIN) 31705
650 #0 - SUBJECT ADDED ENTRY--TOPICAL TERM
Topical term or geographic name entry element Sounds
9 (RLIN) 33849
887 ## - NON-MARC INFORMATION FIELD
Content of non-MARC field Arjun
901 ## - LOCAL DATA ELEMENT A, LDA (RLIN)
a DB77373
b 17.12.1999
902 ## - LOCAL DATA ELEMENT B, LDB (RLIN)
a E530.76 M896
905 ## - LOCAL DATA ELEMENT E, LDE (RLIN)
a Arjun
906 ## - LOCAL DATA ELEMENT F, LDF (RLIN)
a 0012626
949 ## - LOCAL PROCESSING INFORMATION (OCLC)
-- VIRTUAITEM
-- 10000
-- 100
6 DBA000077373ENG
942 ## - ADDED ENTRY ELEMENTS (KOHA)
Source of classification or shelving scheme Dewey Decimal Classification
Koha item type Books
Holdings
Withdrawn status Lost status Damaged status Not for loan Collection code Home library Current library Shelving location Date acquired Total Checkouts Full call number Barcode Date last seen Price effective from Koha item type
        New English National Library of India National Library of India New English - Main Stack Division     E530.76 M896 DBA000077373ENG 01/06/2021 01/06/2021 Books
                                                                           
web counter

Copyright ©2020 The National Library of India, Govt. of India ↔ Hosted by NVLI, MOC ↔ Technology and Design by National Library of India, Ministry of Culture, Govt. of India